000
00301nam a2200097Ia 4500
008
171204s9999 xx 000 0 und d
245
_a
Marketing Research: Carl McDaniel Jr. and Roger Gates
260
_c
2014
650
_x
MARKETING MANAGEMENT
856
_u
http://down.ebook777.com/037/9781118808849.pdf
999
_c
347039
_d
347039